000 00679cam a2200205 a 4500
001 000001009
005 20200929145450.0
008 750919s1974 onc 000 1 eng
020 _a088784331X
040 _aDO-SdBNP
_cDLC
_dDLC
082 _a813.54
_bG549f
100 1 _aGlassco, John,
_d1901-1981.
_93513
245 1 4 _aThe fatal woman :
_bthree tales /
_cJohn Glassco.
260 _aToronto, Canada :
_bAnansi,
_c[1974].
300 _aiv, 172 p. ;
_c23 cm.
505 0 _aLa Helmut negro cumplido -- El destino de Electra -- La lujuria en acción.
650 4 _aCuentos estadounidenses
_93514
650 4 _aLiteratura estadounidense
_9263
910 _aCatalogación por Copia / LC
999 _c988
_d988